000 00790nab a22002417a 4500
001 07570
003 HDC
007 cr bn ---aaaaa
008 210128c20141013my ||||| |||| 00| 0 may d
040 _aHDC
100 _aNur Hanani Azman,
_eauthor
_97735
245 0 _aKerajaan, MIDA tidak pernah diskriminasi /
_bNur Hanani Azman.
336 _atext
_2rdacontent
337 _acomputer
_2rdamedia
338 _aonline resource
_2rdacarrier
650 _aIndustrial management
_98107
650 _aInvestments, Asian
_98106
710 _aUtusan Malaysia
856 _zRequest full-text at [email protected]
942 _2lcc
942 _cNEWS
942 _kNWSC 002002
999 _c4893
_d4893